| 000 | 00810cam a22002777a 4500 | ||
|---|---|---|---|
| 003 | CHAP | ||
| 005 | 20220817042101.0 | ||
| 008 | 971013s1959 r 00010 d | ||
| 010 | _a34072 | ||
| 011 | _a35044 | ||
| 035 | _a39160 | ||
| 040 | _cCHAP | ||
| 082 |
_a331.11 _bO35 |
||
| 110 |
_aOficina Internacional del Trabajo _982806 |
||
| 245 | 1 | 3 | _aLe cout de la main-d'oeuvre dans l'industrie Européenne |
| 260 |
_aGéneve : _bOIT, _c1959 |
||
| 300 | _a186 p. | ||
| 490 | 0 |
_aEtudes et documents _v; 52 |
|
| 590 |
_aBATCH-UPD _b10 _c20130110 _lUCH01 _h1938 |
||
| 590 |
_aCONVERSION _b10 _c20130109 _lUCH01 _h1319 |
||
| 650 | 1 | 4 | _aTrabajo y trabajadores. |
| 830 | 0 |
_aEtudes et documents _v; 52 _938671 |
|
| 901 | _aBK | ||
| 942 | _cLIBRO | ||
| 949 |
_a331.11 O35 _bBC _cLIBRO _d33724000325882 _eLIBRO _i39160 _si |
||
| 999 |
_c34072 _d34072 |
||